| 000 | 00444nam a2200193Ia 4500 | ||
|---|---|---|---|
| 008 | 210210b1931 xxu||||| |||| 00| 0 eng d | ||
| 041 | _aeng | ||
| 082 | _a543/135 | ||
| 100 | _aLADLIMOHAN (Mitra) | ||
| 245 | _aText book of inorganic chemistry | ||
| 260 |
_aCalcutta _b- _c1931 |
||
| 300 | _a435 | ||
| 650 | _aText | ||
| 650 | _ainorganic | ||
| 650 | _achemistry | ||
| 650 | _abook | ||
| 690 | _aInorganic Chemistry | ||
| 906 | _a009548 | ||
| 999 |
_c127006 _d127006 |
||